[Event "11. Senioren Team Europameiste"]
[Site "Velden - Casino"]
[Date "2009.04.08"]
[Round "4"]
[Board "3"]
[White "Hasberger, Walter"]
[Black "Stull, Norbert"]
[Result "0-1"]
[WhiteElo "1904"]
[BlackElo "2164"]
[PlyCount "36"]
[EventDate "2009.04.05"]
[EventType "team"]
[EventRounds "9"]
[EventCountry "AUT"]
[WhiteTeam "ESV ASKOE ADMIRA VILLACH"]
[BlackTeam "Luxemburg"]

1.e4 c5 2.Nf3 e6 3.d4 cxd4 4.Nxd4 Nc6 5.Bc4 Nf6 6.Nxc6 bxc6 7.Qf3 d5 8.exd5 cxd5
9.O-O Be7 10.Bb5+ Bd7 11.Bxd7+ Qxd7 12.Bf4 O-O 13.Nd2 Rfc8 14.Qd3 Qa4 15.c4 dxc4
16.Qd4 Rd8 17.Qc3 Nd5 18.Qf3 c3

[Event "11. Senioren Team Europameiste"]
[Site "Velden - Casino"]
[Date "2009.04.08"]
[Round "4"]
[Board "4"]
[White "Blaeser, Roman"]
[Black "Kummer, Heinz"]
[Result "1/2-1/2"]
[WhiteElo "2235"]
[BlackElo "1857"]
[PlyCount "36"]
[EventDate "2009.04.05"]
[EventType "team"]
[EventRounds "9"]
[EventCountry "AUT"]
[WhiteTeam "Luxemburg"]
[BlackTeam "ESV ASKOE ADMIRA VILLACH"]

1.Nf3 g6 2.g3 Bg7 3.Bg2 d6 4.d3 e5 5.e4 Ne7 6.Nbd2 Nbc6 7.a4 a5 8.O-O O-O 9.c3
Bd7 10.Re1 h6 11.Nc4 Be6 12.Qe2 Kh7 13.Bd2 Qd7 14.Rad1 Rae8 15.Bc1 Qc8 16.d4
exd4 17.Nxd4 Bg4 18.Bf3 Bd7

[Event "11. Senioren Team Europameiste"]
[Site "Velden - Casino"]
[Date "2009.04.08"]
[Round "4"]
[Board "1"]
[White "Ghijsen, Pim"]
[Black "Watzka, Horst"]
[Result "1/2-1/2"]
[WhiteElo "2165"]
[BlackElo "2324"]
[PlyCount "22"]
[EventDate "2009.04.05"]
[EventType "team"]
[EventRounds "9"]
[EventCountry "AUT"]
[WhiteTeam "V.A.S. Amsterdam"]
[BlackTeam "Steiermark"]

1.d4 Nf6 2.Nf3 d6 3.g3 g6 4.Bg2 Bg7 5.O-O O-O 6.Nc3 Nbd7 7.e4 e5 8.dxe5 dxe5
9.b3 b6 10.Ba3 Re8 11.Qe2 Bf8

[Event "11. Senioren Team Europameiste"]
[Site "Velden - Casino"]
[Date "2009.04.08"]
[Round "4"]
[Board "3"]
[White "Oud, Niek"]
[Black "Valent, Peter"]
[Result "1-0"]
[WhiteElo "2022"]
[BlackElo "2070"]
[PlyCount "63"]
[EventDate "2009.04.05"]
[EventType "team"]
[EventRounds "9"]
[EventCountry "AUT"]
[WhiteTeam "V.A.S. Amsterdam"]
[BlackTeam "Steiermark"]

1.d4 Nf6 2.c4 e6 3.Nc3 c5 4.d5 exd5 5.cxd5 d6 6.Nf3 Be7 7.e4 O-O 8.h3 b5 9.Bxb5
Nxe4 10.Nxe4 Qa5+ 11.Nc3 Bf6 12.Qb3 a6 13.Bc4 Re8+ 14.Be3 Nd7 15.O-O Rb8 16.Qc2
Qb4 17.Bb3 c4 18.Ba4 Qxb2 19.Qxb2 Rxb2 20.Bd4 Re7 21.Rab1 Rxb1 22.Rxb1 Bxd4
23.Nxd4 Nf8 24.Rb8 Rc7 25.Ne4 g6 26.Nf6+ Kh8 27.Bc6 Bf5 28.Nxf5 gxf5 29.Rxf8+
Kg7 30.Ne8+ Kxf8 31.Nxc7 c3 32.Ba4

[Event "11. Senioren Team Europameiste"]
[Site "Velden - Casino"]
[Date "2009.04.08"]
[Round "4"]
[Board "1"]
[White "Winiwarter, Felix"]
[Black "Ager, Josef"]
[Result "1/2-1/2"]
[WhiteElo "2220"]
[BlackElo "2223"]
[PlyCount "20"]
[EventDate "2009.04.05"]
[EventType "team"]
[EventRounds "9"]
[EventCountry "AUT"]
[WhiteTeam "Niederoesterreich"]
[BlackTeam "Mixed Team Austria"]

1.d4 g6 2.e4 Bg7 3.Nc3 c6 4.Nf3 d6 5.h3 Nf6 6.Be3 Nbd7 7.Qd2 e5 8.Rd1 Qc7 9.Be2
O-O 10.O-O Re8

[Event "11. Senioren Team Europameiste"]
[Site "Velden - Casino"]
[Date "2009.04.08"]
[Round "4"]
[Board "2"]
[White "Proksch, Gerhard"]
[Black "Woeber, Friedrich"]
[Result "1/2-1/2"]
[WhiteElo "1989"]
[BlackElo "2153"]
[PlyCount "32"]
[EventDate "2009.04.05"]
[EventType "team"]
[EventRounds "9"]
[EventCountry "AUT"]
[WhiteTeam "Mixed Team Austria"]
[BlackTeam "Niederoesterreich"]

1.c3 c5 2.d4 e6 3.e4 d5 4.exd5 exd5 5.Nf3 Nc6 6.Bb5 Bd6 7.O-O Nge7 8.dxc5 Bxc5
9.Nbd2 O-O 10.Nb3 Bb6 11.Bf4 Ng6 12.Bg3 Be6 13.Nfd4 Nxd4 14.Nxd4 Qf6 15.Be2 Rad8
16.Qd2 Nh4

[Event "11. Senioren Team Europameiste"]
[Site "Velden - Casino"]
[Date "2009.04.08"]
[Round "4"]
[Board "3"]
[White "Strobel, Ferdinand"]
[Black "Isopp, Manfred"]
[Result "1-0"]
[WhiteElo "2209"]
[BlackElo "1971"]
[PlyCount "54"]
[EventDate "2009.04.05"]
[EventType "team"]
[EventRounds "9"]
[EventCountry "AUT"]
[WhiteTeam "Niederoesterreich"]
[BlackTeam "Mixed Team Austria"]

1.f4 e5 2.fxe5 d6 3.exd6 Bxd6 4.Nf3 g5 5.d4 g4 6.Ne5 Bxe5 7.dxe5 Qxd1+ 8.Kxd1
Nc6 9.Nc3 Be6 10.Bg5 Nge7 11.e4 O-O-O+ 12.Ke1 Rhe8 13.Bb5 Rg8 14.Bf6 Rd6 15.Rd1
Rxd1+ 16.Kxd1 a6 17.Bxc6 Nxc6 18.a3 Re8 19.Nd5 Nxe5 20.Nxc7 Kxc7 21.Bxe5+ Kc6
22.Bc3 h5 23.Rf1 h4 24.Rf4 h3 25.g3 Rd8+ 26.Ke2 Bc4+ 27.Ke1 Be6 {Nicht
leserlich}

[Event "11. Senioren Team Europameiste"]
[Site "Velden - Casino"]
[Date "2009.04.08"]
[Round "4"]
[Board "4"]
[White "Grasser, Peter"]
[Black "Illner, Gerhard"]
[Result "0-1"]
[WhiteElo "1909"]
[BlackElo "2023"]
[PlyCount "58"]
[EventDate "2009.04.05"]
[EventType "team"]
[EventRounds "9"]
[EventCountry "AUT"]
[WhiteTeam "Mixed Team Austria"]
[BlackTeam "Niederoesterreich"]

1.d4 Nf6 2.c4 e5 3.dxe5 Ng4 4.Nf3 Nc6 5.Nc3 Bb4 6.e3 Ngxe5 7.Be2 O-O 8.O-O d6
9.Nd5 Bc5 10.a3 a5 11.Qc2 Re8 12.b3 Nxf3+ 13.Bxf3 Ne5 14.Be2 c6 15.Nc3 Bb6
16.Rd1 Qe7 17.Bb2 Bc7 18.Na4 Be6 19.Rac1 Ng6 20.Qc3 f6 21.g3 Bf5 22.Bf3 Ne5
23.Bg2 Bg4 24.e4 Bxd1 25.Rxd1 b5 26.f4 Ng4 27.cxb5 cxb5 28.Qf3 h5 29.Nc3 Bb6+

[Event "11. Senioren Team Europameiste"]
[Site "Velden - Casino"]
[Date "2009.04.08"]
[Round "4"]
[Board "1"]
[White "Niebuhr, Gerd"]
[Black "Nagorni, Walter"]
[Result "1/2-1/2"]
[WhiteElo "2048"]
[BlackElo "2127"]
[PlyCount "35"]
[EventDate "2009.04.05"]
[EventType "team"]
[EventRounds "9"]
[EventCountry "AUT"]
[WhiteTeam "Freibauer Niedersachsen"]
[BlackTeam "Widukind"]

1.d4 g6 2.Nf3 Bg7 3.c4 Nf6 4.Nc3 c5 5.e4 cxd4 6.Nxd4 Nc6 7.Be3 O-O 8.Be2 d6
9.O-O Bd7 10.Qd2 Nxd4 11.Bxd4 Bc6 12.f3 a5 13.Nd5 Bxd5 14.cxd5 Nd7 15.Rac1 Bxd4+
16.Qxd4 Nc5 17.Rc3 Qb6 18.Rb3

[Event "11. Senioren Team Europameiste"]
[Site "Velden - Casino"]
[Date "2009.04.08"]
[Round "4"]
[Board "2"]
[White "Rychlik, Kurt"]
[Black "Hellwege, Werner"]
[Result "1/2-1/2"]
[WhiteElo "2085"]
[BlackElo "2007"]
[PlyCount "39"]
[EventDate "2009.04.05"]
[EventType "team"]
[EventRounds "9"]
[EventCountry "AUT"]
[WhiteTeam "Widukind"]
[BlackTeam "Freibauer Niedersachsen"]

1.e4 c5 2.Nc3 g6 3.g3 Bg7 4.Bg2 Nc6 5.d3 e6 6.f4 Nge7 7.Nf3 d6 8.O-O O-O 9.Ne2
f5 10.c3 Rb8 11.Be3 b6 12.Qd2 Qd7 13.Rad1 Ba6 14.Rfe1 Rbd8 15.Qc2 h6 16.Nh4 Bf6
17.Nf3 Kh7 18.h3 Qc7 19.g4 Bg7 20.Ng3

[Event "11. Senioren Team Europameiste"]
[Site "Velden - Casino"]
[Date "2009.04.08"]
[Round "4"]
[Board "3"]
[White "Juergens, Peter"]
[Black "Grabitz, Georg"]
[Result "1/2-1/2"]
[WhiteElo "2016"]
[BlackElo "2082"]
[PlyCount "44"]
[EventDate "2009.04.05"]
[EventType "team"]
[EventRounds "9"]
[EventCountry "AUT"]
[WhiteTeam "Freibauer Niedersachsen"]
[BlackTeam "Widukind"]

1.d4 g6 2.Nf3 Bg7 3.Bf4 d6 4.e3 Nd7 5.h3 e5 6.Bh2 exd4 7.exd4 Ngf6 8.Bd3 O-O
9.O-O Re8 10.Nbd2 b6 11.c3 Bb7 12.Qb3 Nf8 13.Rae1 Qd7 14.Rxe8 Rxe8 15.Re1 Rxe1+
16.Nxe1 Qe6 17.Qxe6 Nxe6 18.Kf1 Kf8 19.Ke2 Nd5 20.g3 f5 21.f4 c5 22.dxc5 dxc5

[Event "11. Senioren Team Europameiste"]
[Site "Velden - Casino"]
[Date "2009.04.08"]
[Round "4"]
[Board "4"]
[White "Hentzschel, Erhard"]
[Black "Fritsch, Juergen Dr"]
[Result "1/2-1/2"]
[WhiteElo "1937"]
[BlackElo "2011"]
[PlyCount "60"]
[EventDate "2009.04.05"]
[EventType "team"]
[EventRounds "9"]
[EventCountry "AUT"]
[WhiteTeam "Widukind"]
[BlackTeam "Freibauer Niedersachsen"]

1.e4 e5 2.Nf3 Nc6 3.d4 exd4 4.Nxd4 Bb4+ 5.Bd2 Qe7 6.Nxc6 Qxe4+ 7.Qe2 Bxd2+
8.Nxd2 Qxe2+ 9.Bxe2 bxc6 10.O-O Nf6 11.Rfe1 O-O 12.Bf3 Rb8 13.b3 Re8 14.Rxe8+
Nxe8 15.Ne4 Kf8 16.Re1 Rb5 17.c4 Re5 18.Rd1 d6 19.Nc3 Bd7 20.Kf1 Ke7 21.Re1 f6
22.g3 Rxe1+ 23.Kxe1 g5 24.Kd2 Ng7 25.Be2 Bf5 26.b4 Ne8 27.Bf3 Bd7 28.a4 f5
29.Ke3 Nf6 30.Kd4 h6

[Event "11. Senioren Team Europameiste"]
[Site "Velden - Casino"]
[Date "2009.04.08"]
[Round "4"]
[Board "1"]
[White "Nordby, Bernt"]
[Black "Van, Geffen Ben"]
[Result "0-1"]
[WhiteElo "2159"]
[BlackElo "2134"]
[PlyCount "40"]
[EventDate "2009.04.05"]
[EventType "team"]
[EventRounds "9"]
[EventCountry "AUT"]
[WhiteTeam "Norwegen 2"]
[BlackTeam "Oranjeteam"]

1.d4 Nf6 2.Nf3 g6 3.c4 Bg7 4.Nc3 d5 5.Bf4 O-O 6.e3 c5 7.dxc5 Qa5 8.Qd2 dxc4
9.Bxc4 Qxc5 10.Bb3 Nc6 11.O-O Bg4 12.Rac1 Qh5 13.Bd1 Rfd8 14.Qc2 Nb4 15.Qb3 Nd3
16.Ng5 Rf8 17.Bxg4 Nxg4 18.h3 Nxc1 19.Rxc1 Nf6 20.Ne2 Qxe2

[Event "11. Senioren Team Europameiste"]
[Site "Velden - Casino"]
[Date "2009.04.08"]
[Round "4"]
[Board "2"]
[White "Holscher, Peter"]
[Black "Bjorgvik, Jan Arne"]
[Result "1-0"]
[WhiteElo "2066"]
[BlackElo "1946"]
[PlyCount "47"]
[EventDate "2009.04.05"]
[EventType "team"]
[EventRounds "9"]
[EventCountry "AUT"]
[WhiteTeam "Oranjeteam"]
[BlackTeam "Norwegen 2"]

1.d4 d5 2.Nf3 e6 3.c4 Nf6 4.Nc3 a6 5.e3 Be7 6.Bd3 dxc4 7.Bxc4 Nd5 8.O-O O-O 9.e4
Nxc3 10.bxc3 c5 11.a4 Qa5 12.Bb2 Rd8 13.Qe2 cxd4 14.cxd4 Bf6 15.d5 Bxb2 16.Qxb2
exd5 17.Bxd5 Nd7 18.Qb3 Rf8 19.Ng5 Ne5 20.f4 h6 21.fxe5 hxg5 22.Bxf7+ Kh8 23.e6
g4 24.Rf5

[Event "11. Senioren Team Europameiste"]
[Site "Velden - Casino"]
[Date "2009.04.08"]
[Round "4"]
[Board "3"]
[White "Kverndal, Leif"]
[Black "Arp, Frans"]
[Result "0-1"]
[WhiteElo "1941"]
[BlackElo "2095"]
[PlyCount "102"]
[EventDate "2009.04.05"]
[EventType "team"]
[EventRounds "9"]
[EventCountry "AUT"]
[WhiteTeam "Norwegen 2"]
[BlackTeam "Oranjeteam"]

1.d4 Nf6 2.Nf3 g6 3.g3 Bg7 4.Bg2 O-O 5.c4 d5 6.O-O c6 7.Nc3 Bg4 8.Ne5 Be6 9.cxd5
cxd5 10.Qb3 Nc6 11.Nxc6 bxc6 12.Qa3 Nd7 13.Rd1 Nb6 14.Qc5 Qd6 15.e4 Qxc5 16.dxc5
Bxc3 17.cxb6 Bg7 18.exd5 cxd5 19.bxa7 Rxa7 20.Be3 Ra5 21.Bd4 Rb8 22.Bxg7 Kxg7
23.Rd2 Bf5 24.Rxd5 Rxd5 25.Bxd5 Rxb2 26.a4 Bc8 27.Re1 Ba6 28.Re3 Rb1+ 29.Kg2
Bf1+ 30.Kf3 Rb4 31.Rc3 Ba6 32.Bc6 e5 33.h4 f5 34.Kg2 e4 35.Rc5 Rb2 36.Bb5 Bxb5
37.Rxb5 Ra2 38.Kf1 Rxa4 39.Ke2 Ra2+ 40.Ke3 Ra3+ 41.Ke2 Rf3 42.Rb7+ Kh6 43.Re7
Ra3 44.Ke1 Ra2 45.Rf7 Kh5 46.Rxh7+ Kg4 47.Rg7 Kf3 48.Rxg6 Ra1+ 49.Kd2 Kxf2
50.Rf6 e3+ 51.Kd3 Rd1+

[Event "11. Senioren Team Europameiste"]
[Site "Velden - Casino"]
[Date "2009.04.08"]
[Round "4"]
[Board "4"]
[White "Rost, Van Tonningen Otto"]
[Black "Standal, Bard"]
[Result "1-0"]
[WhiteElo "2049"]
[BlackElo "1922"]
[PlyCount "49"]
[EventDate "2009.04.05"]
[EventType "team"]
[EventRounds "9"]
[EventCountry "AUT"]
[WhiteTeam "Oranjeteam"]
[BlackTeam "Norwegen 2"]

1.d4 Nf6 2.Nf3 g6 3.Bf4 Bg7 4.e3 d6 5.h3 Nbd7 6.Be2 O-O 7.O-O Nd5 8.Bh2 e6 9.c4
Ne7 10.Nc3 b6 11.Rc1 Bb7 12.b4 Nf6 13.Qc2 Rc8 14.Rfd1 d5 15.c5 a6 16.a4 c6
17.cxb6 Qxb6 18.a5 Qd8 19.Na4 Nd7 20.Nc5 Nxc5 21.bxc5 Nf5 22.Rb1 Ba8 23.Bxa6
Qxa5 24.Bxc8 Rxc8 25.Ra1

[Event "11. Senioren Team Europameiste"]
[Site "Velden - Casino"]
[Date "2009.04.08"]
[Round "4"]
[Board "1"]
[White "Wademark, Helge"]
[Black "Aijala, Jouko"]
[Result "0-1"]
[WhiteElo "2102"]
[BlackElo "2176"]
[PlyCount "62"]
[EventDate "2009.04.05"]
[EventType "team"]
[EventRounds "9"]
[EventCountry "AUT"]
[WhiteTeam "Schweden II"]
[BlackTeam "Helsinki 1"]

1.e4 c5 2.Nc3 Nc6 3.f4 g6 4.Nf3 Bg7 5.Bb5 Nd4 6.Nxd4 cxd4 7.Ne2 e6 8.O-O Ne7
9.Bd3 Nc6 10.a3 a6 11.Qe1 O-O 12.c4 f5 13.b4 b6 14.Bb2 fxe4 15.Bxe4 d5 16.cxd5
exd5 17.Bd3 Bf5 18.Bxf5 Rxf5 19.Rc1 Qd7 20.d3 Re8 21.Qd2 Rf7 22.Rf2 Re6 23.Rcf1
Qe8 24.Ng3 Ne7 25.h3 Nf5 26.Nxf5 gxf5 27.Rc1 Rfe7 28.Rc2 h5 29.Kh2 h4 30.Qd1 Re3
31.Bc1 Re1

[Event "11. Senioren Team Europameiste"]
[Site "Velden - Casino"]
[Date "2009.04.08"]
[Round "4"]
[Board "3"]
[White "Sterner, Johan"]
[Black "Korhonen, Erkki"]
[Result "1-0"]
[WhiteElo "2041"]
[BlackElo "1971"]
[PlyCount "121"]
[EventDate "2009.04.05"]
[EventType "team"]
[EventRounds "9"]
[EventCountry "AUT"]
[WhiteTeam "Schweden II"]
[BlackTeam "Helsinki 1"]

1.d4 Nf6 2.c4 e6 3.Nf3 d5 4.Bg5 Be7 5.e3 h6 6.Bh4 Nbd7 7.Nc3 c6 8.Rc1 Nh5 9.Bxe7
Qxe7 10.cxd5 exd5 11.Be2 Nhf6 12.O-O O-O 13.Bd3 Ne4 14.Qc2 Re8 15.Rfe1 Ndf6
16.h3 Be6 17.Ne5 Rac8 18.Qa4 Nd7 19.Nf3 a6 20.b4 Ng5 21.Nxg5 Qxg5 22.Kf1 f5
23.Ne2 Nf6 24.Qc2 Nh7 25.Qd2 Nf6 26.Ng1 Ne4 27.Qc2 Rf8 28.Nf3 Qh4 29.Ne5 Qg5
30.a3 Rce8 31.f3 Qg3 32.Kg1 Ng5 33.Kf1 f4 34.exf4 Rxf4 35.Qf2 Qxf2+ 36.Kxf2 Rxd4
37.Ke3 Rh4 38.f4 Bc8 39.g3 Rxh3 40.Kf2 Nh7 41.Bf1 Rh2+ 42.Kf3 Ra2 43.Nxc6 Rxa3+
44.Kf2 Ra2+ 45.Kf3 Bg4+ 46.Kxg4 Nf6+ 47.Kf5 Rxe1 48.Rxe1 bxc6 49.Re6 Ra1 50.Be2
Ne4 51.Kg6 Kf8 52.Rxc6 Nxg3 53.Bxa6 Ne4 54.Bd3 Rg1+ 55.Kf5 Ke7 56.Ke5 Nf2 57.Bf5
Rd1 58.Rc7+ Kf8 59.Bg6 Ng4+ 60.Kd6 Rc1 61.Rxc1

[Event "11. Senioren Team Europameiste"]
[Site "Velden - Casino"]
[Date "2009.04.08"]
[Round "4"]
[Board "4"]
[White "Saharinen, Petri"]
[Black "Andersson, Sven-Olof"]
[Result "0-1"]
[WhiteElo "1825"]
[BlackElo "2060"]
[PlyCount "82"]
[EventDate "2009.04.05"]
[EventType "team"]
[EventRounds "9"]
[EventCountry "AUT"]
[WhiteTeam "Helsinki 1"]
[BlackTeam "Schweden II"]

1.d4 Nf6 2.c4 e5 3.dxe5 Ng4 4.Nf3 Bc5 5.e3 Nc6 6.Be2 O-O 7.Bd2 a5 8.Nc3 Ngxe5
9.Nxe5 Nxe5 10.Ne4 d6 11.Nxc5 dxc5 12.Qc2 Be6 13.a4 Re8 14.O-O-O Qe7 15.f3 Nc6
16.e4 Nd4 17.Qd3 Red8 18.Qe3 Bd7 19.b3 Qe8 20.Kb2 Ra6 21.Rb1 Bxa4 22.Bd1 Bc6
23.Bc3 b5 24.Bxd4 cxd4 25.Qd3 bxc4 26.Qxc4 Rb6 27.Ra1 a4 28.Ra3 axb3 29.Bxb3 d3
30.Rd1 d2 31.Kc2 Bb5 32.Qc5 Rc6 33.Qxc6 Qxc6+ 34.Kb2 Bc4 35.Bxc4 Qxc4 36.Rc3
Qb4+ 37.Rb3 Qd4+ 38.Kb1 c5 39.Rb5 Ra8 40.Rb2 Qd3+ 41.Rc2 Rb8+

[Event "11. Senioren Team Europameiste"]
[Site "Velden - Casino"]
[Date "2009.04.08"]
[Round "4"]
[Board "1"]
[White "Seyffer, Guenther"]
[Black "Welz, Peter"]
[Result "1-0"]
[WhiteElo "2049"]
[BlackElo "2143"]
[PlyCount "77"]
[EventDate "2009.04.05"]
[EventType "team"]
[EventRounds "9"]
[EventCountry "AUT"]
[WhiteTeam "Stiftung Bahn-Sozialwerk/DBAG III"]
[BlackTeam "Stiftung Bahn-Sozialwerk Berlin/DBAG"]

1.d4 f5 2.e4 fxe4 3.Nc3 Nf6 4.Bg5 e6 5.Nxe4 Be7 6.Bxf6 Bxf6 7.Nf3 O-O 8.Bd3 d5
9.Nxf6+ Qxf6 10.O-O c5 11.c3 cxd4 12.cxd4 Nc6 13.Rc1 a6 14.Bb1 Kh8 15.Qd3 g6
16.a3 Bd7 17.Qe3 Rac8 18.b4 Qf4 19.Rfe1 Qxe3 20.fxe3 Rce8 21.Ba2 h6 22.e4 dxe4
23.Rxe4 g5 24.Rce1 Kg7 25.Bxe6 Bxe6 26.Rxe6 Rxe6 27.Rxe6 g4 28.d5 Nxb4 29.axb4
gxf3 30.gxf3 Rxf3 31.Rb6 Rf7 32.Kg2 h5 33.Kg3 Rd7 34.Kf4 Rxd5 35.Rxb7+ Kf8 36.h4
a5 37.Ke4 Rd1 38.bxa5 Rh1 39.a6

[Event "11. Senioren Team Europameiste"]
[Site "Velden - Casino"]
[Date "2009.04.08"]
[Round "4"]
[Board "2"]
[White "Fitzke, Ulrich"]
[Black "Gaenssmantel, Alfons"]
[Result "0-1"]
[WhiteElo "1998"]
[BlackElo "2127"]
[PlyCount "92"]
[EventDate "2009.04.05"]
[EventType "team"]
[EventRounds "9"]
[EventCountry "AUT"]
[WhiteTeam "Stiftung Bahn-Sozialwerk Berlin/DBAG"]
[BlackTeam "Stiftung Bahn-Sozialwerk/DBAG III"]

1.d4 Nf6 2.c4 e6 3.Nc3 Bb4 4.Qc2 d5 5.e3 O-O 6.Nf3 c5 7.a3 Bxc3+ 8.bxc3 b6
9.cxd5 exd5 10.c4 Ba6 11.Bd3 Nbd7 12.Bb2 cxd4 13.Bxd4 dxc4 14.Qa4 cxd3 15.Qxa6
Nc5 16.Bxc5 bxc5 17.Rd1 Qb6 18.Qxb6 axb6 19.Rxd3 c4 20.Rc3 b5 21.Ke2 Ne4 22.Rc2
Rxa3 23.Rhc1 c3 24.Kd3 Nc5+ 25.Ke2 b4 26.Rb1 Rb8 27.Ne5 Rb3 28.Ra1 Rb2 29.Rxb2
cxb2 30.Rb1 Na4 31.Kd2 Rd8+ 32.Kc2 Rc8+ 33.Kd2 b3 34.Nd3 Rc2+ 35.Ke1 Kf8 36.Kf1
Ke7 37.f4 Kd6 38.e4 Kc6 39.h4 Kb5 40.g4 Kc4 41.Rd1 Nc3 42.Ne5+ Kb4 43.Rd4+ Ka3
44.Nc4+ Ka2 45.Nd2 Rxd2 46.Rxd2 Nxe4

[Event "11. Senioren Team Europameiste"]
[Site "Velden - Casino"]
[Date "2009.04.08"]
[Round "4"]
[Board "1"]
[White "Jamieson, Peter M"]
[Black "Hicker, Harald"]
[Result "1-0"]
[WhiteElo "2288"]
[BlackElo "2108"]
[PlyCount "81"]
[EventDate "2009.04.05"]
[EventType "team"]
[EventRounds "9"]
[EventCountry "AUT"]
[WhiteTeam "Scotland"]
[BlackTeam "Carinthia"]

1.d4 d5 2.c4 e6 3.Nc3 Nf6 4.Bg5 Nbd7 5.e3 Be7 6.Nf3 O-O 7.Rc1 c6 8.Qc2 Re8 9.Bd3
dxc4 10.Bxc4 Nd5 11.Bxe7 Qxe7 12.O-O Nxc3 13.bxc3 e5 14.e4 exd4 15.cxd4 Nb6
16.Bd3 Be6 17.a4 Nd7 18.Rfe1 Bg4 19.Nd2 Nf8 20.h3 Bd7 21.Rb1 b6 22.Nc4 Ne6
23.Qc3 c5 24.d5 Nf4 25.Bc2 Qg5 26.Qg3 Qh6 27.Rbd1 b5 28.axb5 Bxb5 29.Bb3 Bxc4
30.Bxc4 Re5 31.Kf1 Qf6 32.Qf3 Rg5 33.g3 Nxd5 34.Qxf6 Nxf6 35.e5 Ne8 36.Rd7 Rf5
37.e6 Nf6 38.Rxf7 Rf8 39.e7 Rxf7 40.e8=Q+ Nxe8 41.Rxe8#

[Event "11. Senioren Team Europameiste"]
[Site "Velden - Casino"]
[Date "2009.04.08"]
[Round "4"]
[Board "2"]
[White "Peierl, Walter"]
[Black "White, Alastair F"]
[Result "0-1"]
[WhiteElo "1951"]
[BlackElo "2052"]
[PlyCount "98"]
[EventDate "2009.04.05"]
[EventType "team"]
[EventRounds "9"]
[EventCountry "AUT"]
[WhiteTeam "Carinthia"]
[BlackTeam "Scotland"]

1.e4 d6 2.Bc4 Nf6 3.d3 e5 4.c3 Be7 5.Be3 O-O 6.Ne2 d5 7.exd5 Nxd5 8.Ng3 c6 9.O-O
Kh8 10.Qe2 Be6 11.Bxd5 cxd5 12.f4 exf4 13.Bxf4 Nd7 14.d4 Nf6 15.Nd2 Bd6 16.Bxd6
Qxd6 17.Nf5 Bxf5 18.Rxf5 Rae8 19.Qf3 Re6 20.Qf4 Qxf4 21.Rxf4 Re2 22.Rd1 Rfe8
23.Kf1 Kg8 24.Rf2 Rxf2+ 25.Kxf2 Ng4+ 26.Kf3 h5 27.Nf1 Re6 28.h3 Nf6 29.Ne3 Kf8
30.g4 hxg4+ 31.hxg4 g5 32.Rh1 Kg8 33.a4 Rb6 34.Rh6 Re6 35.Rh1 Rb6 36.Rb1 a5
37.b3 Rd6 38.Rb2 b6 39.Nf5 Re6 40.b4 Re4 41.Ne3 Rf4+ 42.Ke2 Ne4 43.Rb3 Rf2+
44.Ke1 Ra2 45.Nxd5 Nd2 46.bxa5 Nxb3 47.axb6 Na5 48.c4 Nxc4 49.b7 Rb2

[Event "11. Senioren Team Europameiste"]
[Site "Velden - Casino"]
[Date "2009.04.08"]
[Round "4"]
[Board "1"]
[White "Wood, Peter C"]
[Black "Muratoglu, Salih"]
[Result "0-1"]
[WhiteElo "1965"]
[BlackElo "2105"]
[PlyCount "84"]
[EventDate "2009.04.05"]
[EventType "team"]
[EventRounds "9"]
[EventCountry "AUT"]
[WhiteTeam "England 2"]
[BlackTeam "Turkiye"]

1.d4 Nf6 2.c4 g6 3.Nc3 Bg7 4.Nf3 d6 5.Bg5 Nbd7 6.e3 c6 7.Be2 h6 8.Bh4 g5 9.Bg3
Nh5 10.Qc2 Ndf6 11.O-O O-O 12.Rad1 Qa5 13.Nd2 Ng4 14.Qe4 Re8 15.Bxg4 Nf6 16.Qc2
Bxg4 17.Rde1 e5 18.dxe5 dxe5 19.Nde4 Nxe4 20.Nxe4 Be6 21.Nd2 Rad8 22.Rd1 Qc5
23.b3 f5 24.h3 f4 25.Ne4 Qe7 26.exf4 exf4 27.Bh2 Rxd1 28.Rxd1 Bxh3 29.Re1 Be6
30.f3 Rd8 31.Qe2 Bf5 32.Kh1 Bxe4 33.Qxe4 Qxe4 34.fxe4 Kf7 35.Bg1 b6 36.Re2 Rd1
37.Kh2 Be5 38.Rc2 g4 39.Bf2 g3+ 40.Bxg3 fxg3+ 41.Kh3 h5 42.Kh4 Kg6

[Event "11. Senioren Team Europameiste"]
[Site "Velden - Casino"]
[Date "2009.04.08"]
[Round "4"]
[Board "3"]
[White "Harris, J Leonard"]
[Black "Baboglu, Ibrahim"]
[Result "1/2-1/2"]
[WhiteElo "1840"]
[BlackElo "1935"]
[PlyCount "117"]
[EventDate "2009.04.05"]
[EventType "team"]
[EventRounds "9"]
[EventCountry "AUT"]
[WhiteTeam "England 2"]
[BlackTeam "Turkiye"]

1.c3 e6 2.d4 d5 3.g3 c6 4.Bg2 Nf6 5.Bg5 h6 6.Bxf6 Qxf6 7.Nf3 Bd6 8.Nbd2 O-O
9.O-O Bc7 10.Qc2 e5 11.dxe5 Bxe5 12.Nxe5 Qxe5 13.Rae1 f5 14.e3 Na6 15.a3 Nc5
16.f3 b6 17.b4 Ne6 18.Rf2 a5 19.Rfe2 Ba6 20.Rf2 axb4 21.axb4 Bb5 22.f4 Qf6 23.c4
Ba4 24.Qd3 dxc4 25.Qxc4 Bb5 26.Qb3 Kh8 27.Nc4 Ra1 28.Rxa1 Qxa1+ 29.Rf1 Qa6
30.Rc1 Bxc4 31.Qxc4 Qxc4 32.Rxc4 c5 33.bxc5 Nxc5 34.Rb4 Rb8 35.e4 fxe4 36.Bxe4
Nxe4 37.Rxe4 b5 38.Rb4 Kg8 39.Kf2 Kf7 40.Ke3 Ke6 41.Kd4 Kd6 42.f5 Kc6 43.g4 Rd8+
44.Ke5 Re8+ 45.Kf4 Re1 46.Re4 Rf1+ 47.Ke5 Ra1 48.f6 gxf6+ 49.Kxf6 Kc5 50.h4 Ra6+
51.Kf7 b4 52.g5 hxg5 53.hxg5 b3 54.g6 b2 55.Re5+ Kb4 56.Re8 Ra7+ 57.Kf8 Rb7
58.Re1 Rb8+ 59.Kf7

[Event "11. Senioren Team Europameiste"]
[Site "Velden - Casino"]
[Date "2009.04.08"]
[Round "4"]
[Board "4"]
[White "Topaloglu, Hayati"]
[Black "Rety, John"]
[Result "1/2-1/2"]
[WhiteElo "1911"]
[BlackElo "1903"]
[PlyCount "87"]
[EventDate "2009.04.05"]
[EventType "team"]
[EventRounds "9"]
[EventCountry "AUT"]
[WhiteTeam "Turkiye"]
[BlackTeam "England 2"]

1.e4 d6 2.d4 Nf6 3.Nc3 g6 4.Nf3 Bg7 5.Bd3 O-O 6.h3 c5 7.O-O cxd4 8.Nxd4 Qb6
9.Nce2 Nc6 10.c3 e5 11.Nb3 Be6 12.Be3 Qc7 13.Nd2 d5 14.Qa4 a6 15.exd5 Nxd5
16.Bg5 f6 17.Bh4 b5 18.Qc2 f5 19.f3 Ne3 20.Qb1 Nxf1 21.Nxf1 Qd6 22.Bc2 Bc4
23.Qd1 Qe6 24.b3 Bxe2 25.Qxe2 Bf6 26.Bf2 Rad8 27.b4 Kg7 28.Bb3 Qc8 29.Bc5 Rfe8
30.Re1 e4 31.Qc2 exf3 32.Rxe8 Rxe8 33.gxf3 f4 34.Kg2 Re5 35.Qd2 Qe8 36.Bd1 Rg5+
37.Kh2 Qd8 38.Qc2 Qd5 39.Nd2 Rh5 40.Ne4 Qe6 41.Qg2 Be7 42.Bb3 Qd7 43.Bg1 Kf8
44.Bc5

[Event "11. Senioren Team Europameiste"]
[Site "Velden - Casino"]
[Date "2009.04.08"]
[Round "4"]
[Board "1"]
[White "Scholvin, Erich"]
[Black "Kristiansen, Erling"]
[Result "1/2-1/2"]
[WhiteElo "2104"]
[BlackElo "2231"]
[PlyCount "38"]
[EventDate "2009.04.05"]
[EventType "team"]
[EventRounds "9"]
[EventCountry "AUT"]
[WhiteTeam "ASKOE Finkenstein 1"]
[BlackTeam "Norwegen 4"]

1.d4 Nf6 2.Nf3 g6 3.Nc3 d5 4.Bf4 Bg7 5.e3 O-O 6.Be2 c5 7.O-O Nc6 8.Be5 cxd4
9.exd4 Bf5 10.Nh4 Be6 11.f4 Qb6 12.Na4 Qa5 13.Nc5 Nxe5 14.Nxe6 fxe6 15.fxe5 Ne4
16.Nf3 Bh6 17.Qd3 Rac8 18.g3 Qb6 19.Rab1 Kg7